La crítica al eurocentrismo y la prácticade la filosofía africana /

Wedi'i Gadw mewn:
Manylion Llyfryddiaeth
Prif Awdur: Serequeberhan, Tsenay
Fformat: Texto
Tagiau: Ychwanegu Tag
Dim Tagiau, Byddwch y cyntaf i dagio'r cofnod hwn!

MARC

LEADER 00000 a a2200000 04500
001 45037
003
040
100 |a Serequeberhan, Tsenay  
245 |a La crítica al eurocentrismo y la prácticade la filosofía africana /  |c Tsenay Serequeberhan  
773 |g páginas 253-281  
999 |c 35735  |d 35735